=LDR 00000nam 2200000 4500 =001 NUTBA000000000000605 =005 20140326113040.0 =006 =007 =008 =020 ##$$a 979-9408-27-x =035 ##$$a 0010-031400000000604 =082 ##$$a 370.71 =100 ##$$a nursisto =245 ##$$a peningkatan prestasi sekolah menengah =250 ##$$a cet.1 2002 =260 ##$$b insan cendekia $c 2002 =300 ##$$a vii, 160 hlm $c 25 cm =850 ##$$a NBPNMAT =990 ##$$a 91722/BPAP-NTB/2014 =990 ##$$a 21400613/BPAP-NTB/20142014